Statistiques concernant Harry Potter: les Goules

Cliquez ici pour prendre le quiz!

Statistiques générales

  • Ce quiz a été pris 21 fois
  • Le résultat moyen est 5 sur 7

Statistiques - réponses

InformationRéponses% Correct
Propriétaire connuFamille Weasley
95%
Dernière apparitionHarry Potter et les Reliques de la Mort
89%
Lieu de résidenceGrenier du Terrier
84%
Première apparitionHarry Potter à l’école des sorciers
84%
StatutAnimal
68%
Propriétaire connuFamille Black
37%
Lieu de résidenceToilettes du dernier étage
37%

Distribution des résultats

Percentile par nombre de réponses

% des personnes avec chaque résultat

Votre développement - résultats

Vous n’avez pas pris ce quiz